书目信息 |
| 题名: |
粘性流体力学
|
|
| 作者: | 吴玉林 , 刘树红 编著 | |
| 分册: | ||
| 出版信息: | 北京 中国水利水电出版社 2007.11 |
|
| 页数: | 264页 | |
| 开本: | 26cm | |
| 丛书名: | 水力机械流体力学系列丛书 | |
| 单 册: | ||
| 中图分类: | O357 | |
| 科图分类: | ||
| 主题词: | 粘性流体--nian xing liu ti--流体力学 | |
| 电子资源: | ||
| ISBN: | 978-7-5084-4551-9 | |
| 000 | 01098nam 2200277 450 | |
| 001 | 012008118367 | |
| 005 | 20080509085409.09 | |
| 010 | @a978-7-5084-4551-9@dCNY45.00 | |
| 100 | @a20080509d2007 em y0chiy0120 ea | |
| 101 | 0 | @achi |
| 102 | @aCN@b110000 | |
| 105 | @aa a 000yy | |
| 106 | @ar | |
| 200 | 1 | @a粘性流体力学@Anian xing liu ti li xue@f吴玉林, 刘树红编著@Fwu yu lin,liu shu hong bian zhu |
| 210 | @a北京@c中国水利水电出版社@d2007.11 | |
| 215 | @a264页@c图@d26cm | |
| 225 | 2 | @a水力机械流体力学系列丛书@Ashui li ji xie liu ti li xue xi lie cong shu |
| 320 | @a有书目 (第264页) | |
| 330 | @a本书为水力机械流体力学系列丛书之一。讲述粘性流体运动的基本概念,粘性流体力学的基本方程及方程的解析解和近似解,不可压缩流体层和湍流边界层,层流不稳定性和向湍流的过渡,湍流基本理论及工程上常用典型粘性流体流动的分析。 | |
| 410 | 0 | @12001 @a水力机械流体力学系列丛书 |
| 606 | 0 | @a粘性流体@Anian xing liu ti@x流体力学 |
| 690 | @aO357@v4 | |
| 701 | 0 | @a吴玉林@Awu yu lin@4编著 |
| 701 | 0 | @a刘树红@Aliu shu hong@4编著 |
| 801 | 0 | @aCN@bQSSK@c20080509 |
| 905 | @b709296-98@dO357@eW913@f3 | |
| 粘性流体力学/吴玉林, 刘树红编著.-北京:中国水利水电出版社,2007.11 |
| 264页:图;26cm.-(水力机械流体力学系列丛书) |
| ISBN 978-7-5084-4551-9:CNY45.00 |
| 本书为水力机械流体力学系列丛书之一。讲述粘性流体运动的基本概念,粘性流体力学的基本方程及方程的解析解和近似解,不可压缩流体层和湍流边界层,层流不稳定性和向湍流的过渡,湍流基本理论及工程上常用典型粘性流体流动的分析。 |
| ● |
| 相关链接 |
|
|
|
正题名:粘性流体力学
索取号:O357/W913
 
预约/预借
| 序号 | 登录号 | 条形码 | 馆藏地/架位号 | 状态 | 备注 |
| 1 | 709296 | 207092965 | 自科库401/401自科库 53排6列5层/ [索取号:O357/W913] | 在馆 | |
| 2 | 709297 | 207092974 | 自科库401/401自科库 53排6列5层/ [索取号:O357/W913] | 在馆 | |
| 3 | 709298 | 207092983 | 自科库401/401自科库 53排6列5层/ [索取号:O357/W913] | 在馆 |